Представление документа в формате RUSMARC

ПолеНазваниеЗначение
  Тип записи a
  Библиографический уровень m
001 Контрольный номер RU/IS/BASE/544883572
005 Дата корректировки 20201206205044.8
010 Индекс ISBN __
a ISBN 978-5-699-83932-2 (в пер.)
d Цена 380-93
100 Данные общей обработки __
a Данные общей обработки 19170407d2015||||||| 0rusy0189 ca
101 Язык документа 0_
a Язык текста rus
102 Страна публикации __
a Страна публикации ru|
105 Кодированные данные (монография) __
a Кодированные данные (монография) af|||||||00zy
200 Заглавие и сведения об ответственности 1_
a Заглавие Русь изначальная без лжи
e Сведения, относящиеся к заглавию что замалчивают историки
f Первые сведения об ответственности Наталья Павлищева ; [иллюстрации В. Иванова]
b Общее обозначение материала Текст
210 Выходные данные __
a Место издания Москва
c Издательство Яуза
c Издательство Э
d Дата издания 2015
215 Физическое описание __
a Объем 221, [1] с.
c Иллюстрации/тип воспроизводства [8] цв. ил.
d Формат 21 см
225 Серия __
a Серия Небо славян
i Наименование части 100 веков русской истории
300 Общие примечания __
a Общие примечания 2000 экз.
330 Аннотация __
a Аннотация Захватывающее историческое расследование ключевых тайн изначальной Руси. Оригинальные ответы на самые сложные вопросы нашей древней истории: сколько на самом деле было "князей Рюриков" и какую роль сыграли норманны в становлении русского государства? Кто придумал путь "из варяг в греки"? Где прародина Рюриковичей и почему следы ведут не в Скандинавию, а на Белое море? О чем свидетельствуют загадочные каменные лабиринты Соловецких островов? Слышали ли вы, что Русь была крещена за целый век до "официальной" даты? И какую цену всегда приходится платить за предательство отчей веры?
600 Персоналии __
a Персоналии (Фамилия) Рюриковичи
c Дополнение к имени династия князей
606 Тематические рубрики __
a Основная рубрика История
606 Тематические рубрики __
a Основная рубрика Россия в IX - XVII вв.
y Географическая подрубрика Древняя Русь
y Географическая подрубрика Россия
y Географическая подрубрика Русь
610 Ключевые слова __
a Ключевые слова альтернативная история
a Ключевые слова династии
a Ключевые слова древнерусская история
a Ключевые слова древние племена
a Ключевые слова исторические расследования
a Ключевые слова исторические сведения
a Ключевые слова исторические события
a Ключевые слова князья
a Ключевые слова оригинальные теории
a Ключевые слова русское государство
686 Индексы других классификаций __
2 Код системы rubbks
a Классификационный индекс 63.3(2)411-02
700 Автор _1
a Фамилия Павлищева
b Имя Н. П.
f Даты 1955-
g Полное личное имя Наталья Павловна
4 Код отношения 070
702 Вторичная интеллектуальная ответственность _1
a Фамилия Иванов
b Имя В.
4 Код отношения Художник
4 Код отношения 040
801 Источник записи _0
a Страна ru
b Организация Муниципальное бюджетное учреждение культуры "Централизованная библиотечная система" г. Сургут (Центральная городская библиотека им. А. С. Пушкина)
c Дата составления 20170407
g Правила каталогизации КиК/Апакова
801 Источник записи _1
a Страна ru
b Организация Муниципальное бюджетное учреждение культуры "Централизованная библиотечная система" г. Сургут (Центральная городская библиотека им. А. С. Пушкина)
c Дата составления 20170407
g Правила каталогизации КиК/Апакова
852 Данные о местонахождении __
j Шифр хранения 63.3(2)411-02
i Авторский знак П 12
901 Тип документа __
t Тип документа m
903 Характеристики (МАРС) __
a Дата передачи 20170407
969 Тип издания __
a Тип издания научно-популярное издание
990 Данные о заказе (DOS) __
j Количество экземпляров (DOS) 3
t N записи в КСУ для И/У (DOS) 201704